Vista normal
Vista MARC
Entrada Topical Term
Número de registros utilizados en: 1
001 - CONTROL NUMBER
- control field: 62536
003 - CONTROL NUMBER IDENTIFIER
- control field: OSt
005 - DATE AND TIME OF LATEST TRANSACTION
- control field: 20250816002603.0
008 - FIXED-LENGTH DATA ELEMENTS
- fixed length control field: 250816|| aca||aabn | a|a d
040 ## - CATALOGING SOURCE
- Original cataloging agency: OSt
- Transcribing agency: OSt
150 ## - HEADING--TOPICAL TERM
- Topical term or geographic name entry element: Ciclismo
- Form subdivision: tiras cómicas, historietas, etc
670 ## - SOURCE DATA FOUND
- Source citation: Work cat.: (OSt)58136: Pantoja, Óscar, 1971- aut 51089, Cómbita /